[Event "GER-ch U10"]
[Site "Oberhof"]
[Date "2012.05.28"]
[Round "3"]
[White "Mantel, Ruben"]
[Black "Kueck, Artur"]
[Result "1-0"]
[WhiteElo "1539"]
[BlackElo "1212"]
[PlyCount "77"]
[EventDate "2012.05.27"]
[EventType "swiss"]
[EventRounds "11"]
[EventCountry "GER"]
[SourceTitle "CBM 148 Extra"]
[Source "ChessBase"]
[SourceDate "2012.06.22"]
[SourceVersion "1"]
[SourceVersionDate "2012.06.22"]
[SourceQuality "1"]

1. e4 c5 2. Nc3 Nc6 3. g3 g6 4. Bg2 Bg7 5. f4 e6 6. d3 Nge7 7. Be3 b6 8. Qd2 f5 9. e5 Bb7 10. Nb5 Nc8 11. d4 a6 12. Nc3 d5 13. Nge2 c4 14. 0-0 b5 15. a3 0-0 16. b3 Nb6 17. b4 Ra7 18. Rfb1 Qe7 19. h3 h5 20. Bf3 Rfa8 21. Qe1 a5 22. Nxb5 Ra6 23. c3 axb4 24. axb4 Na4 25. Nd6 Nd8 26. b5 Ra5 27. Bc1 Nf7 28. Ba3 Nxd6 29. Bxd6 Qd7 30. Rb4 Bf8 31. Bxf8 Kxf8 32. g4 hxg4 33. hxg4 Nb6 34. Rab1 Ra4 35. Rxa4 Rxa4 36. Qh4 Ra5 37. Qh8+ Ke7 38. gxf5 gxf5 39. Qf6+ 1-0

[Event "GER-ch U10"]
[Site "Oberhof"]
[Date "2012.05.27"]
[Round "2"]
[White "Kueck, Artur"]
[Black "Preissler, Niklas"]
[Result "1/2-1/2"]
[WhiteElo "1212"]
[BlackElo "1393"]
[PlyCount "43"]
[EventDate "2012.05.27"]
[EventType "swiss"]
[EventRounds "11"]
[EventCountry "GER"]
[SourceTitle "CBM 148 Extra"]
[Source "ChessBase"]
[SourceDate "2012.06.22"]
[SourceVersion "1"]
[SourceVersionDate "2012.06.22"]
[SourceQuality "1"]

1. c4 c5 2. Nc3 Nc6 3. g3 g6 4. Bg2 Bg7 5. e3 e6 6. Nge2 Nge7 7. b3 0-0 8. Bb2 d5 9. d3 dxc4 10. dxc4 Qc7 11. 0-0 a6 12. Qc2 Rb8 13. Rad1 Bd7 14. Qb1 Rfd8 15. Qa1 Nf5 16. Rd2 Nce7 17. Rfd1 Bc6 18. e4 Nd4 19. Nxd4 cxd4 20. Ne2 e5 21. f3 Qb6 22. Rd3 1/2-1/2